The Unit Circle (Trig. Functions) Quiz Stats

 Plays Quiz not verified by Sporcle

Score 0/51 Timer 15:00
0 Plays Today
Radians/ Degrees Extact Values % Correct
Sine 00
50%
Sine 45 ( π/4)root2
46.8%
Sine 60 ( π/3)root3
26.2%
Cosine 30 ( π/6)root3
14.3%
Cosine 45 ( π/4)root2
14.3%
Sine 30 ( π/6)1
12.7%
Cosine 01
12.7%
Tangent 90 ( π/2)Undefined
11.9%
Cosine 180 (π)-1
9.5%
Cosine 120 ( 2π/3)-1
8.7%
Cosine 60 ( π/3)1
7.9%
Tangent 30 ( π/6)root3
7.9%
Tangent 60 ( π/3)root3
7.9%
Sine 120 ( 2π/3)root3
7.9%
Sine 135 (3π/4)root2
7.9%
Sine 225 (5π/4)-root2
7.9%
Tangent 00
7.1%
Cosine 135 (3π/4)-root2
7.1%
Cosine 150 (5π/6)-root3
7.1%
Sine 180 (π)0
7.1%
Sine 240 (4π/3)-root3
7.1%
Sine 210 (7π/6)-1
7.1%
Cosine 210 (7π/6)-root3
7.1%
Cosine 225 (5π/4)-root2
7.1%
Sine 270 (3π/2)-1
7.1%
Sine 300 (5π/3)root3
7.1%
Radians/ Degrees Extact Values % Correct
Sine 90 ( π/2)1
6.3%
Cosine 90 ( π/2)0
6.3%
Sine 150 (5π/6)1
6.3%
Tangent 150 (5π/6)-root3
6.3%
Cosine 240 (4π/3)-1
6.3%
Tangent 240 (4π/3)root3
6.3%
Consine 270 (3π/2)0
6.3%
Tangent 45 ( π/4)1
5.6%
Tangent 120 ( 2π/3)-root3
5.6%
Tangent 135 (3π/4)-1
5.6%
Tangent 180 (π)0
5.6%
Tangent 210 (7π/6)root3
5.6%
Tangent 225 (5π/4)1
5.6%
Tangent 270 (3π/2)Undefined
5.6%
Sine 330 (11π/6)-1
4%
Cosine 315 (7π/4)root2
4%
Cosine 330 (11π/6)root3
4%
Sine 360 (2π)0
4%
Cosine 360 (2π)1
4%
Cosine 300 (5π/3)1
3.2%
Tangent 315 (7π/4)-1
3.2%
Tangent 360 (2π)0
3.2%
Sine 315 (7π/4)-√2
0.8%
Tangent 300 (5π/3)-√3
0%
Tangent 330 (11π/6)-√3
0%

You're not logged in!

Compare scores with friends on all Sporcle quizzes.
OR
Log In

Show Comments

Extras

Top Quizzes Today


Score Distribution

Your Account Isn't Verified!

In order to create a playlist on Sporcle, you need to verify the email address you used during registration. Go to your Sporcle Settings to finish the process.

Report this User

Report this user for behavior that violates our Community Guidelines.

Details: